堺市の行政区(地図クイズ) - Statistics

General Stats
  • This quiz has been taken 158 times
  • The average score is 7 of 7
Answers on the Map
Answers color-coded by a green-red scale on the quiz's map according to % correct below.
 
Answer Stats
Ward % Correct
東区
99%
南区
99%
北区
98%
西区
98%
中区
95%
堺区
94%
美原区
77%
No matching quizzes found
Score Distribution
Percent of People with Each Score
Percentile by Number Answered
Your Score History
You have not taken this quiz